000 00862 a2200229 4500
999 _c216109
_d216109
005 20260115112134.0
008 211104b ||||| |||| 00| 0 eng d
020 _a9780230226999
040 _aLC
_cUNZA
_eRDA
050 _aQD 415
_bCOX 2008.
100 _aCox, Michael M.
_eauthor
245 _aLehninger principles of biochemistry /
_cMichael M. Cox, Professor of Biochemistry, University of Wisconsin - Madison; David L. Nelson, Professor of Biochemistry University of Wisconsin-Madison .
260 _aNew York :
_bW. H. Freeman and Company,
_c2008.
300 _axxix, 1158 pages [ and other various pages] :
_billustrations.
336 _aText
337 _aUnmediated
338 _aVolume
504 _aIncludes bibliographical references and index.
650 _aBiochemistry.
700 _aNelson, David L.
_cProfessor
_eauthor.
942 _cBOOK